A Gladiátorok sikeres tornaszereplései

Bibliographic Details
Format: Article
Language:Hungarian
Slovak
PhysicalDescription:Fotogr.
ISSN:1336-3638
Subjects:

MARC

LEADER 00000nab a2200000 a 4500
001 vtls010667162
003 SK-MaSNL
005 20260318132858.0
008 150414|2015 xo w| 000 0|hun
015 |a SNBRB2015/04 
038 |a DSZK 
040 |a DSZK  |b slo  |c DSZK  |e AACR2 
041 |a hun  |a slo 
044 |a xo  |c SK 
080 |a 796.81/.82  |x (437.6)  |2 2001 
245 0 0 |a A Gladiátorok sikeres tornaszereplései  |c [szerző] -gh 
300 |b Fotogr. 
610 2 7 |a Zápasnícky klub Gladiátor (Šamorín, Slovensko)  |2 dszk  |9 1194105 
650 0 7 |a zápasenie  |2 SNKPH  |9 13273 
651 7 |a Šamorín (Slovensko)  |2 SNKPHgeo  |9 28925 
773 0 |t Csallóköz=Žitný ostrov  |g Évf. 55, sz. 13 (2015), o. 31  |x 1336-3638 
852 |a DSZK  |b KIS3GCP 
856 |a http://www.csallokoz.sk 
958 |a SK 
958 |a HU 
999 |c 2080013  |d 2081943